000 00627nam a2200229 i 4500
001 11000
003 ES-MaACL
005 20240424100020.0
007 t|
008 941129s1994 sp |||| | spa j
020 _a84-7154-871-2
080 _a869.9-14"19"(082.2)
245 0 0 _aAntoloxía da poesía neotrobadoresca /
_cPilar Castro.
260 _aVigo :
_bGalaxia,
_c[1993]
300 _a153 p ;
_c20 cm.
490 1 _aDombate ;
_v22
650 4 _aPoesía gallega-
_yS.XX
_916226
700 1 _aCastro, Pilar.
_936891
830 0 _aDombate ;
_v22
_9228170
852 _aES-MaACL
_jL-18356
999 _c11000
_d11000